Információfeldolgozás és döntéstámogatás gazdák számára Microsoft Excellel

Elmentve itt :
Bibliográfiai részletek
Szerző: Hampel György
Dokumentumtípus: Könyv része
Megjelent: MTA SZAB Mezőgazdasági Szakbizottság Szeged 2021
Sorozat:Mezőgazdasági és vidékfejlesztési kutatások a jövő szolgálatában 2.
Tárgyszavak:
mtmt:32491778
Online Access:http://publicatio.bibl.u-szeged.hu/28752
LEADER 00777naa a2200205 i 4500
001 publ28752
005 20231117113715.0
008 231117s2021 hu o 0|| Magyar d
020 |a 9789635089802 
024 7 |a 32491778  |2 mtmt 
040 |a SZTE Publicatio Repozitórium  |b hun 
041 |a Magyar 
100 1 |a Hampel György 
245 1 0 |a Információfeldolgozás és döntéstámogatás gazdák számára Microsoft Excellel  |h [elektronikus dokumentum] /  |c  Hampel György 
260 |a MTA SZAB Mezőgazdasági Szakbizottság  |b Szeged  |c 2021 
300 |a 10 
300 |a 51-60 
490 0 |a Mezőgazdasági és vidékfejlesztési kutatások a jövő szolgálatában 2. 
650 4 |a Agrárgazdaság 
856 4 0 |u http://publicatio.bibl.u-szeged.hu/28752/1/0551-60.pdf  |z Dokumentum-elérés